Lowering the symmetry of pyrite crystals; SGEM. 16th International Multidisciplinary Scientific GeoConference; Bk. 1, vol. 1
| Parent link: | SGEM. 16th International Multidisciplinary Scientific GeoConference: conference proceedings, Albena, Bulgariaм, June 28 - July 6, 2016.— , 2016 Bk. 1, vol. 1.— 2016.— [P. 337-344] |
|---|---|
| Hovedforfatter: | |
| Corporate Authors: | , |
| Andre forfattere: | |
| Summary: | Title screen The pyrites belong to the cubic system (m3) with elements of 3L24L33PC symmetry. At the most deposits and ore occurrences, the crystals of pyrite usually are founded in simple forms such as Cube - 100, pentagonal dodecahedron - 210, octahedron - 111, and the combination of them. However, quite often there are the crystals of pyrite in the rhombohedral form with blunt or sharp shape, such crystals are found in metamorphic shales, and near the deposits of metosomatic low-temperature ore. The formation of rhombohedral crystals of pyrites is explained by the degeneration of sixth or twelfth edges and the uneven development of the edges of pentagonal dodecahedron - 210 It can also bound with the position of the crystal relative to the direction of schistosity when rhombohedral of pyrites are oriented by third-order axis perpendicular to the schistosity level, and overgrowth of the crystal pyrite 210 by small plots of 100 edges, in the result that the surface of the edge is curved, and its angle decreases. The formation of the rhombohedral crystals may be explained with the elemental analysis the cell of pyrite. In our opinion, the symmetry has not cubic nature in the crystal but it is trigonal with a the single of third-order axis. Режим доступа: по договору с организацией-держателем ресурса |
| Sprog: | engelsk |
| Udgivet: |
2016
|
| Serier: | Geology |
| Fag: | |
| Online adgang: | http://dx.doi.org/10.5593/SGEM2016/B11/S01.043 https://sgemworld.at/sgemlib/spip.php?article6941 |
| Format: | MixedMaterials Electronisk Book Chapter |
| KOHA link: | https://koha.lib.tpu.ru/cgi-bin/koha/opac-detail.pl?biblionumber=652059 |
MARC
| LEADER | 00000naa0a2200000 4500 | ||
|---|---|---|---|
| 001 | 652059 | ||
| 005 | 20250829162450.0 | ||
| 035 | |a (RuTPU)RU\TPU\network\17322 | ||
| 035 | |a RU\TPU\network\17200 | ||
| 090 | |a 652059 | ||
| 100 | |a 20161130d2016 k||y0rusy50 ba | ||
| 101 | 0 | |a eng | |
| 102 | |a BG | ||
| 135 | |a drcn ---uucaa | ||
| 181 | 0 | |a i | |
| 182 | 0 | |a b | |
| 200 | 1 | |a Lowering the symmetry of pyrite crystals |f A. Ya. Pshenichkin, A. N. Kryazhov | |
| 203 | |a Text |c electronic | ||
| 225 | 1 | |a Geology | |
| 300 | |a Title screen | ||
| 330 | |a The pyrites belong to the cubic system (m3) with elements of 3L24L33PC symmetry. At the most deposits and ore occurrences, the crystals of pyrite usually are founded in simple forms such as Cube - 100, pentagonal dodecahedron - 210, octahedron - 111, and the combination of them. However, quite often there are the crystals of pyrite in the rhombohedral form with blunt or sharp shape, such crystals are found in metamorphic shales, and near the deposits of metosomatic low-temperature ore. The formation of rhombohedral crystals of pyrites is explained by the degeneration of sixth or twelfth edges and the uneven development of the edges of pentagonal dodecahedron - 210 It can also bound with the position of the crystal relative to the direction of schistosity when rhombohedral of pyrites are oriented by third-order axis perpendicular to the schistosity level, and overgrowth of the crystal pyrite 210 by small plots of 100 edges, in the result that the surface of the edge is curved, and its angle decreases. The formation of the rhombohedral crystals may be explained with the elemental analysis the cell of pyrite. In our opinion, the symmetry has not cubic nature in the crystal but it is trigonal with a the single of third-order axis. | ||
| 333 | |a Режим доступа: по договору с организацией-держателем ресурса | ||
| 461 | 1 | |t SGEM. 16th International Multidisciplinary Scientific GeoConference |o conference proceedings, Albena, Bulgariaм, June 28 - July 6, 2016 |d 2016 | |
| 463 | 1 | |t Bk. 1, vol. 1 |v [P. 337-344] |d 2016 | |
| 610 | 1 | |a электронный ресурс | |
| 610 | 1 | |a труды учёных ТПУ | |
| 610 | 1 | |a пириты | |
| 610 | 1 | |a pyrites | |
| 610 | 1 | |a trigonal symmetry | |
| 610 | 1 | |a тригональная симметрия | |
| 700 | 1 | |a Pshenichkin |b A. Ya. |c geologist |c Associate Professor of Tomsk Polytechnic University, Candidate of geological and mineralogical sciences |f 1936- |g Anatoliy Yakovlevich |3 (RuTPU)RU\TPU\pers\33253 | |
| 701 | 1 | |a Kryazhov |b A. N. |c geologist |c Head of laboratory of Tomsk Polytechnic University, research engineer |f 1979- |g Andrey Nikolaevich |3 (RuTPU)RU\TPU\pers\34221 | |
| 712 | 0 | 2 | |a Национальный исследовательский Томский политехнический университет (ТПУ) |b Институт природных ресурсов (ИПР) |b Кафедра геологии и разведки полезных ископаемых (ГРПИ) |b Лаборатория геологии золота (ЛГЗ) |3 (RuTPU)RU\TPU\col\19128 |
| 712 | 0 | 2 | |a Национальный исследовательский Томский политехнический университет (ТПУ) |b Институт природных ресурсов (ИПР) |b Кафедра геологии и разведки полезных ископаемых (ГРПИ) |3 (RuTPU)RU\TPU\col\18660 |
| 801 | 2 | |a RU |b 63413507 |c 20180213 |g RCR | |
| 856 | 4 | |u http://dx.doi.org/10.5593/SGEM2016/B11/S01.043 | |
| 856 | 4 | |u https://sgemworld.at/sgemlib/spip.php?article6941 | |
| 942 | |c CF | ||